Normal view
MARC view
Entry Personal Name
001 - CONTROL NUMBER
- control field: 9427
003 - CONTROL NUMBER IDENTIFIER
- control field: BD-RjUL
005 - DATE AND TIME OF LATEST TRANSACTION
- control field: 20231009122401.0
008 - FIXED-LENGTH DATA ELEMENTS
- fixed length control field: 231009|| aca||aabn | a|a d
040 ## - CATALOGING SOURCE
- Original cataloging agency: BD-RjUL
- Transcribing agency: BD-RjUL
100 ## - HEADING--PERSONAL NAME
- Personal name: Lakra, W. S
670 ## - SOURCE DATA FOUND
- Source citation: Work cat.: (BD-RjUL)82069: Lakra, W. S. , Genetics, genetic engineering and biotechnology in fisheries /, 2013